000
00235nam a22001097a 4500
008
210707s2011 xx 000 0 und d
041
_a
eng
082
_a
052 MS
245
_a
Mainstream
260
_c
2011
650
_a
Political Science
999
_c
179852
_d
179852